00413nam a2200181Ia 4500008004100000020001800041050001400059100001700073245001600090245002000106250001800126260001500144260001700159260000900176300001600185300002000201300001000221170918s9999 xx 000 0 und d a9780312563752 bN765 2011 aNoel, Alyson aDreamland / cby Alyson Noel. aFirst edition aNew York : bSquare Fish, c2011 a210 pages : billustrations ; c20cm.